000 00680nam a2200181Ia 4500
008 100920s9999 xx 000 0 und d
082 _b63223
_a61 थ 85
100 _aबाबर सरोजिनी
245 _aइंदिरा प्रियदर्शिनी.
260 _bसमाज शिक्षण प्रकाशन, पुणे.
_c1985
300 _a72
_bसाधी
365 _b5
520 _aस्थानिक वाचन.
630 _aइंदिरा प्रियदर्शिनी.
650 _aस्थानिक वाचन.
730 _aइंदिरा प्रियदर्शिनी.
942 _cBOOK
999 _c706305
_d706302